[Event "Titled Tuesday intern op 24th Aug"]
[Site "Chess.com INT"]
[Date "2021.08.24"]
[Round "3"]
[White "Mogirzan, Matei Valeriu"]
[Black "Tomnikova, Lidia"]
[Result "0-1"]
[WhiteElo "1813"]
[BlackElo "2085"]
[PlyCount "40"]
[EventDate "2021.08.24"]
[EventType "swiss (blitz)"]
[EventRounds "11"]
[EventCountry "USA"]
[SourceTitle "EXT 2022"]
[Source "ChessBase"]
[SourceDate "2021.10.06"]
[SourceVersion "1"]
[SourceVersionDate "2021.10.06"]
[SourceQuality "1"]

1. e4 e5 2. Nf3 Nc6 3. Bc4 Bc5 4. d3 Nf6 5. 0-0 h6 6. h3 d6 7. Re1 g5 8. c3 g4 9. hxg4 Bxg4 10. b4 Bb6 11. a4 a6 12. Be3 Rg8 13. Bxb6 cxb6 14. d4 Nh5 15. dxe5 Nxe5 16. Be2 Bh3 17. Bf1 Nf4 18. Nxe5 Bxg2 19. Bxg2 Rxg2+ 20. Kf1 Qh4 0-1

[Event "Titled Tuesday intern op 24th Aug"]
[Site "Chess.com INT"]
[Date "2021.08.24"]
[Round "2"]
[White "Tomnikova, Lidia"]
[Black "Gubanov, Oleg"]
[Result "0-1"]
[WhiteElo "2085"]
[BlackElo "2272"]
[PlyCount "46"]
[EventDate "2021.08.24"]
[EventType "swiss (blitz)"]
[EventRounds "11"]
[EventCountry "USA"]
[SourceTitle "EXT 2022"]
[Source "ChessBase"]
[SourceDate "2021.10.06"]
[SourceVersion "1"]
[SourceVersionDate "2021.10.06"]
[SourceQuality "1"]

1. e4 Nf6 2. e5 Nd5 3. d4 d6 4. c4 Nb6 5. exd6 cxd6 6. Nc3 g6 7. Be3 Bg7 8. Qd2 0-0 9. Bh6 d5 10. h4 Nxc4 11. Bxc4 dxc4 12. Bxg7 Kxg7 13. h5 Qd6 14. hxg6 Qxg6 15. Nf3 Nc6 16. Nd5 Qe4+ 17. Kd1 Qd3 18. Qxd3 cxd3 19. Kd2 Bf5 20. g4 Be4 21. Ng5 Bxd5 22. Rxh7+ Kg6 23. f4 Rh8 0-1

[Event "Titled Tuesday intern op 17th Aug"]
[Site "Chess.com INT"]
[Date "2021.08.17"]
[Round "4"]
[White "Tomnikova, Lidia"]
[Black "Leve, Nitai D"]
[Result "0-1"]
[WhiteElo "2085"]
[BlackElo "2128"]
[PlyCount "60"]
[EventDate "2021.08.17"]
[EventType "swiss (blitz)"]
[EventRounds "11"]
[EventCountry "USA"]
[SourceTitle "EXT 2022"]
[Source "ChessBase"]
[SourceDate "2021.10.06"]
[SourceVersion "1"]
[SourceVersionDate "2021.10.06"]
[SourceQuality "1"]

1. e4 g6 2. d4 Bg7 3. Be3 d6 4. Nc3 Nd7 5. f3 e5 6. Qd2 exd4 7. Bxd4 Bxd4 8. Qxd4 Qf6 9. Qxf6 Ngxf6 10. 0-0-0 a6 11. Bc4 Nc5 12. a3 Be6 13. Bxe6 Nxe6 14. Nge2 0-0-0 15. h4 h5 16. Nd5 Nxd5 17. exd5 Ng7 18. Nd4 Rde8 19. Rhe1 Kd7 20. Kd2 Re5 21. c4 Rhe8 22. b4 a5 23. Rxe5 dxe5 24. Nb5 axb4 25. axb4 Nf5 26. Ra1 e4 27. Ra7 e3+ 28. Ke1 e2 29. Rxb7 Nxh4 30. Rxc7+ Kd8 0-1

[Event "Titled Tuesday intern op 25th May"]
[Site "Chess.com INT"]
[Date "2021.05.25"]
[Round "8"]
[White "Eynullayev, Altay Elshan"]
[Black "Tomnikova, Lidia"]
[Result "1-0"]
[WhiteElo "2227"]
[BlackElo "2085"]
[PlyCount "80"]
[EventDate "2021.05.25"]
[EventType "swiss (blitz)"]
[EventRounds "11"]
[EventCountry "USA"]
[SourceTitle "CBM 203 Extra"]
[Source "ChessBase"]
[SourceDate "2021.09.30"]
[SourceVersion "1"]
[SourceVersionDate "2021.09.30"]
[SourceQuality "1"]

1. e4 e5 2. Nf3 Nc6 3. Bb5 a6 4. Ba4 Nf6 5. 0-0 Be7 6. Re1 b5 7. Bb3 d6 8. c3 0-0 9. h3 Na5 10. Bc2 c5 11. d4 Qc7 12. Nbd2 cxd4 13. cxd4 Nc6 14. Nb3 a5 15. Be3 a4 16. Nbd2 Nb4 17. Bb1 Rd8 18. Nf1 Bb7 19. d5 Na6 20. Bd3 b4 21. Rc1 Nc5 22. Ng3 h6 23. Nf5 Bf8 24. Qd2 Kh7 25. Bxc5 dxc5 26. Qxb4 g6 27. Ne3 Nh5 28. Qd2 Nf4 29. Bf1 a3 30. b3 Bd6 31. g3 Nh5 32. Nc4 Nf6 33. Nxd6 Qxd6 34. Qc3 Nd7 35. Bb5 f5 36. Bxd7 Rxd7 37. Nxe5 Re7 38. Nc4 Qb8 39. exf5 Rxe1+ 40. Rxe1 Bxd5 1-0

[Event "Titled Tuesday intern op 25th May"]
[Site "Chess.com INT"]
[Date "2021.05.25"]
[Round "5"]
[White "Kanyamarala, Tarun"]
[Black "Tomnikova, Lidia"]
[Result "0-1"]
[WhiteElo "2369"]
[BlackElo "2085"]
[PlyCount "62"]
[EventDate "2021.05.25"]
[EventType "swiss (blitz)"]
[EventRounds "11"]
[EventCountry "USA"]
[SourceTitle "CBM 203 Extra"]
[Source "ChessBase"]
[SourceDate "2021.09.30"]
[SourceVersion "1"]
[SourceVersionDate "2021.09.30"]
[SourceQuality "1"]

1. e4 e5 2. Nf3 Nc6 3. Bb5 a6 4. Ba4 Nf6 5. 0-0 Be7 6. Re1 b5 7. Bb3 d6 8. c3 0-0 9. h3 Na5 10. Bc2 c5 11. d4 Qc7 12. Nbd2 cxd4 13. cxd4 Nc6 14. Nf1 Rd8 15. d5 Nb4 16. Bb1 a5 17. a3 Na6 18. b4 Bd7 19. Bd2 axb4 20. axb4 Qb7 21. Bd3 Rdc8 22. Ne3 Nc7 23. Qb3 Ra4 24. Bc3 Rca8 25. Nd2 Nh5 26. Bf1 Nf4 27. Kh2 f5 28. g3 fxe4 29. Nxe4 Nfxd5 30. Bg2 Be6 31. Red1 Nxe3 0-1

[Event "Titled Tuesday intern op 25th May"]
[Site "Chess.com INT"]
[Date "2021.05.25"]
[Round "6"]
[White "Rakshitta, Ravi"]
[Black "Tomnikova, Lidia"]
[Result "0-1"]
[WhiteElo "2190"]
[BlackElo "2085"]
[PlyCount "78"]
[EventDate "2021.05.25"]
[EventType "swiss (blitz)"]
[EventRounds "11"]
[EventCountry "USA"]
[SourceTitle "CBM 203 Extra"]
[Source "ChessBase"]
[SourceDate "2021.09.30"]
[SourceVersion "1"]
[SourceVersionDate "2021.09.30"]
[SourceQuality "1"]

1. e4 e5 2. Nf3 Nc6 3. Bc4 Bc5 4. 0-0 Nf6 5. d4 Bxd4 6. Nxd4 Nxd4 7. f4 d6 8. fxe5 dxe5 9. Bg5 Qe7 10. Na3 c6 11. c3 Ne6 12. Bxf6 gxf6 13. Qf3 Nf4 14. g3 Rg8 15. Kh1 Bh3 16. gxf4 Bg2+ 17. Qxg2 Rxg2 18. Kxg2 0-0-0 19. f5 Rd2+ 20. Rf2 Qd7 21. Raf1 b5 22. Bb3 Qd3 23. Bc2 Qe3 24. Rxd2 Qxd2+ 25. Rf2 Qg5+ 26. Kf3 Qc1 27. Bb3 Qf4+ 28. Ke2 Qxe4+ 29. Kf1 Qd3+ 30. Kg2 e4 31. Nc2 e3 32. Rf1 Qe4+ 33. Kg1 h5 34. Re1 Qg4+ 35. Kh1 Qf3+ 36. Kg1 Qf2+ 37. Kh1 e2 38. Bxf7 Qf1+ 39. Rxf1 exf1Q# 0-1

[Event "Titled Tuesday intern op 6th June"]
[Site "Chess.com INT"]
[Date "2020.06.02"]
[Round "5"]
[White "Purtseladze, Maka"]
[Black "Tomnikova, Lidia"]
[Result "1-0"]
[WhiteElo "2274"]
[BlackElo "2085"]
[PlyCount "59"]
[EventDate "2020.06.02"]
[EventType "swiss (blitz)"]
[EventRounds "10"]
[EventCountry "USA"]
[SourceTitle "CBM 196 Extra"]
[Source "ChessBase"]
[SourceDate "2020.07.31"]
[SourceVersion "1"]
[SourceVersionDate "2020.07.31"]
[SourceQuality "1"]

1. b3 e5 2. Bb2 Nc6 3. e3 g6 4. Bb5 Bg7 5. f4 d6 6. Nf3 Bd7 7. 0-0 Nge7 8. fxe5 dxe5 9. e4 0-0 10. d3 a6 11. Bxc6 Nxc6 12. Nbd2 b5 13. Re1 Qe7 14. Nf1 Qc5+ 15. Kh1 Nd4 16. Ne3 c6 17. a4 Rad8 18. Ba3 b4 19. Bb2 a5 20. Nc4 Bg4 21. Bxd4 exd4 22. Qd2 Qh5 23. Qf4 Bh6 24. Qg3 f5 25. e5 f4 26. Qf2 g5 27. e6 Rde8 28. Nxd4 Bf5 29. Nxf5 Rxf5 30. Nd6 1-0

[Event "RUS-ch blitz (Women)"]
[Site "Sochi"]
[Date "2018.10.07"]
[Round "4.10"]
[White "Bivol, Alina"]
[Black "Tomnikova, Lidia"]
[Result "1-0"]
[WhiteElo "2403"]
[BlackElo "2123"]
[PlyCount "69"]
[EventDate "2018.10.07"]
[EventType "swiss (blitz)"]
[EventRounds "20"]
[EventCountry "RUS"]
[SourceTitle "CBM 186 Extra"]
[Source "ChessBase"]
[SourceDate "2018.08.24"]
[SourceVersion "1"]
[SourceVersionDate "2018.08.24"]
[SourceQuality "1"]

1. Nf3 Nf6 2. g3 e6 3. Bg2 d5 4. d4 b6 5. 0-0 Bb7 6. c4 Nbd7 7. Nbd2 Be7 8. Qc2 0-0 9. b3 Rc8 10. Bb2 c5 11. dxc5 Nxc5 12. Ne5 Qc7 13. Rac1 Nce4 14. Nxe4 Nxe4 15. e3 Bf6 16. Ng4 Bxb2 17. Qxb2 Nc5 18. Rfd1 dxc4 19. Rxc4 Bxg2 20. Kxg2 Qb7+ 21. f3 Rfd8 22. Rcd4 Rxd4 23. Qxd4 h6 24. Rd2 a5 25. Ne5 Qc7 26. h4 Nb7 27. Qe4 Nd6 28. Qf4 Nf5 29. Nc4 Qc5 30. Re2 Rd8 31. Qe5 Qxe5 32. Nxe5 f6 33. Nc4 Rb8 34. Kf2 Kf7 35. Rd2 1-0

[Event "Moscow Aeroflot op-B 14th"]
[Site "Moscow"]
[Date "2015.04.02"]
[Round "7"]
[White "Tomnikova, Lidia"]
[Black "Kanter, Eduard"]
[Result "0-1"]
[WhiteElo "2232"]
[BlackElo "2349"]
[PlyCount "56"]
[EventDate "2015.03.27"]
[EventType "swiss"]
[EventRounds "9"]
[EventCountry "RUS"]
[SourceTitle "CBM 165 Extra"]
[Source "ChessBase"]
[SourceDate "2015.04.21"]
[SourceVersion "1"]
[SourceVersionDate "2015.04.21"]
[SourceQuality "1"]

1. e4 c5 2. Nf3 d6 3. d4 cxd4 4. Nxd4 Nf6 5. f3 e5 6. Nb3 Be6 7. c4 Be7 8. Be3 0-0 9. Nc3 Nc6 10. Be2 Nd7 11. Nd5 a5 12. 0-0 a4 13. Nc1 Nc5 14. Rb1 Bg5 15. Bf2 f5 16. b4 axb3 17. Nxb3 Na4 18. Nc1 Rf7 19. Rb3 Nc5 20. Bxc5 dxc5 21. exf5 Bxd5 22. Qxd5 Nd4 23. Rb2 Nxf5 24. Qxd8+ Rxd8 25. Nd3 Be3+ 26. Kh1 Bd4 27. Rb6 Rf6 28. Rxb7 Ng3+ 0-1

[Event "Koge Xtracon (Women)"]
[Site "Koge"]
[Date "2014.10.17"]
[Round "8"]
[White "Tomnikova, Lidia"]
[Black "Maisuradze, Nino"]
[Result "1/2-1/2"]
[WhiteElo "2240"]
[BlackElo "2349"]
[PlyCount "103"]
[EventDate "2014.10.11"]
[EventType "tourn"]
[EventRounds "9"]
[EventCountry "DEN"]
[SourceTitle "EXT 2015"]
[Source "ChessBase"]
[SourceDate "2014.11.20"]
[SourceVersion "1"]
[SourceVersionDate "2014.11.20"]
[SourceQuality "1"]

1. e4 c5 2. Nf3 a6 3. d4 cxd4 4. Nxd4 Nf6 5. Nc3 e5 6. Nf3 Bb4 7. Bc4 Qc7 8. Qd3 d6 9. Bd2 Bxc3 10. Bxc3 b5 11. Bb3 Bb7 12. Ng5 0-0 13. 0-0-0 h6 14. Nxf7 Rxf7 15. Qxd6 Qxd6 16. Rxd6 Nc6 17. Rhd1 Re8 18. f3 Kf8 19. Bxf7 Kxf7 20. Kb1 Re6 21. R6d3 Re7 22. a3 Bc8 23. Be1 Rd7 24. Bf2 Ke8 25. Rd6 Rxd6 26. Rxd6 Bd7 27. Bh4 Ke7 28. Rd3 Ke8 29. Bxf6 gxf6 30. b3 Ke7 31. Kc1 Nd4 32. Kd2 Bc6 33. Re3 Kd6 34. Re1 Be8 35. Rf1 a5 36. Rb1 Bf7 37. Kd3 h5 38. c4 Nxb3 39. cxb5 a4 40. Rb2 Kc5 41. Rc2+ Kxb5 42. Rc7 Nc5+ 43. Kc3 Bc4 44. Rg7 Bf1 45. Rg6 h4 46. g3 hxg3 47. hxg3 Nd7 48. f4 Bg2 49. fxe5 fxe5 50. Rd6 Bh3 51. Rh6 Bg2 52. Rd6 1/2-1/2

[Event "Koge Xtracon (Women)"]
[Site "Koge"]
[Date "2014.10.16"]
[Round "7"]
[White "Tomnikova, Lidia"]
[Black "Daulyte Cornette, Deimante"]
[Result "0-1"]
[WhiteElo "2240"]
[BlackElo "2356"]
[PlyCount "110"]
[EventDate "2014.10.11"]
[EventType "tourn"]
[EventRounds "9"]
[EventCountry "DEN"]
[SourceTitle "EXT 2015"]
[Source "ChessBase"]
[SourceDate "2014.11.20"]
[SourceVersion "1"]
[SourceVersionDate "2014.11.20"]
[SourceQuality "1"]

1. e4 d6 2. d4 Nf6 3. Nc3 e5 4. dxe5 dxe5 5. Qxd8+ Kxd8 6. Bg5 Be6 7. 0-0-0+ Kc8 8. Nf3 Nbd7 9. a3 a6 10. Bh4 h6 11. Bg3 Bd6 12. Be2 b5 13. Nd2 Rd8 14. Rhf1 Kb7 15. h3 Rac8 16. Ndb1 Bc5 17. Bf3 c6 18. Rd2 a5 19. Rfd1 Bb6 20. b3 Re8 21. Re1 Bc7 22. Kb2 Nc5 23. Nd1 Rcd8 24. Rxd8 Rxd8 25. b4 axb4 26. axb4 Na6 27. c3 c5 28. Be2 Kb6 29. f3 cxb4 30. Bf2+ Kc6 31. Ne3 Bb6 32. Rc1 bxc3+ 33. Nxc3 Rd2+ 34. Rc2 Rxc2+ 35. Kxc2 Nc7 36. Ned1 Bd4 37. Bd3 Bxf2 38. Nxf2 Nd7 39. Ng4 b4 40. Na4 Nb5 41. Ne3 Nd4+ 42. Kd2 Nc5 43. Nb2 f6 44. Bc4 Bxc4 45. Nexc4 Nce6 46. h4 Nf4 47. g3 Nfe2 48. Nd3 Nxg3 49. Ke3 Ne6 50. Kf2 Nh5 51. Ne3 Kb5 52. Nd5 b3 53. Ke3 Nhf4 54. Kd2 Nxd3 55. Kxd3 Nf4+ 0-1

[Event "Koge Xtracon (Women)"]
[Site "Koge"]
[Date "2014.10.12"]
[Round "2"]
[White "Ptacnikova, Lenka"]
[Black "Tomnikova, Lidia"]
[Result "1-0"]
[WhiteElo "2265"]
[BlackElo "2240"]
[PlyCount "49"]
[EventDate "2014.10.11"]
[EventType "tourn"]
[EventRounds "9"]
[EventCountry "DEN"]
[SourceTitle "EXT 2015"]
[Source "ChessBase"]
[SourceDate "2014.11.20"]
[SourceVersion "1"]
[SourceVersionDate "2014.11.20"]
[SourceQuality "1"]

1. c4 e5 2. g3 Nf6 3. Bg2 d5 4. cxd5 Nxd5 5. Nf3 Nc6 6. 0-0 Be7 7. d4 e4 8. Ne5 f5 9. Nxc6 bxc6 10. Nc3 0-0 11. Qa4 Qd7 12. Rd1 a5 13. f3 Ba6 14. Nxd5 Qxd5 15. fxe4 fxe4 16. Qc2 Qh5 17. Bxe4 Bxe2 18. Re1 Ba6 19. Bxc6 Bb4 20. Bd2 Rf2 21. Kxf2 Qxh2+ 22. Bg2 Bxd2 23. Qb3+ Kh8 24. Qf7 Bb5 25. Re7 1-0

[Event "World University-ch (Women) 13th"]
[Site "Katowice"]
[Date "2014.08.22"]
[Round "7"]
[White "Tomnikova, Lidia"]
[Black "Munguntuul, Batkhuyag"]
[Result "0-1"]
[WhiteElo "2216"]
[BlackElo "2410"]
[PlyCount "58"]
[EventDate "2014.08.18"]
[EventType "swiss"]
[EventRounds "9"]
[EventCountry "POL"]
[SourceTitle "CBM 161 Extra"]
[Source "ChessBase"]
[SourceDate "2014.08.29"]
[SourceVersion "1"]
[SourceVersionDate "2014.08.29"]
[SourceQuality "1"]

1. e4 c5 2. Nf3 e6 3. c4 Nc6 4. a3 Nf6 5. Nc3 d5 6. exd5 exd5 7. cxd5 Nxd5 8. Bb5 Be7 9. Ne5 Qd6 10. Qe2 0-0 11. Nc4 Qd8 12. Nxd5 Qxd5 13. Bxc6 Qxc6 14. 0-0 Bf6 15. d3 b5 16. Nd2 Bb7 17. Ne4 Bd4 18. Be3 f5 19. Bxd4 cxd4 20. Rac1 Qg6 21. Rc7 Rab8 22. Ng3 f4 23. Qe7 fxg3 24. Rxb7 Rbe8 25. Qb4 gxf2+ 26. Rxf2 Rxf2 27. Kxf2 Qxd3 28. h3 Qe3+ 29. Kf1 Rf8+ 0-1

[Event "World University-ch (Women) 13th"]
[Site "Katowice"]
[Date "2014.08.22"]
[Round "6"]
[White "Zhang, Xiaowen"]
[Black "Tomnikova, Lidia"]
[Result "1/2-1/2"]
[WhiteElo "2375"]
[BlackElo "2216"]
[PlyCount "74"]
[EventDate "2014.08.18"]
[EventType "swiss"]
[EventRounds "9"]
[EventCountry "POL"]
[SourceTitle "CBM 161 Extra"]
[Source "ChessBase"]
[SourceDate "2014.08.29"]
[SourceVersion "1"]
[SourceVersionDate "2014.08.29"]
[SourceQuality "1"]

1. e4 e5 2. Nf3 Nc6 3. Bb5 a6 4. Ba4 Nf6 5. 0-0 Be7 6. Re1 b5 7. Bb3 d6 8. c3 0-0 9. d3 Na5 10. Bc2 c5 11. Nbd2 Re8 12. Nf1 Qc7 13. h3 h6 14. Ng3 Bf8 15. Nh2 d5 16. Qf3 dxe4 17. dxe4 Qc6 18. Ng4 Nxg4 19. hxg4 g6 20. Nf1 Nc4 21. b3 Nb6 22. Ne3 Be6 23. g3 c4 24. bxc4 Nxc4 25. Nd5 Bxd5 26. exd5 Qc5 27. Qh1 Rad8 28. Bxh6 Qxd5 29. Be4 Qe6 30. Bxf8 Rxf8 31. g5 Rd2 32. Qh4 Qb6 33. g4 Kg7 34. Qh6+ Kg8 35. Qh4 Kg7 36. Qh6+ Kg8 37. Qh4 Kg7 1/2-1/2

[Event "RUS-ch Higher League (Women) 64th"]
[Site "Vladivostok"]
[Date "2014.06.13"]
[Round "9"]
[White "Kashlinskaya, Alina"]
[Black "Tomnikova, Lidia"]
[Result "1-0"]
[WhiteElo "2419"]
[BlackElo "2172"]
[PlyCount "41"]
[EventDate "2014.06.04"]
[EventType "swiss"]
[EventRounds "9"]
[EventCountry "RUS"]
[SourceTitle "CBM 160 Extra"]
[Source "ChessBase"]
[SourceDate "2014.07.01"]
[SourceVersion "1"]
[SourceVersionDate "2014.07.01"]
[SourceQuality "1"]

1. d4 Nf6 2. c4 e6 3. Nc3 Bb4 4. e3 d5 5. Nge2 0-0 6. a3 Be7 7. cxd5 exd5 8. g3 Nbd7 9. Bg2 Nb6 10. Qc2 g6 11. f3 c5 12. 0-0 Bf5 13. e4 dxe4 14. fxe4 cxd4 15. exf5 d3 16. Qd1 dxe2 17. Qxe2 Nbd7 18. Kh1 Re8 19. fxg6 hxg6 20. Nd5 Nc5 21. Rxf6 1-0

[Event "RUS-ch Higher League (Women) 64th"]
[Site "Vladivostok"]
[Date "2014.06.08"]
[Round "5"]
[White "Tomnikova, Lidia"]
[Black "Belenkaya, Dina"]
[Result "1-0"]
[WhiteElo "2172"]
[BlackElo "2235"]
[PlyCount "69"]
[EventDate "2014.06.04"]
[EventType "swiss"]
[EventRounds "9"]
[EventCountry "RUS"]
[SourceTitle "CBM 160 Extra"]
[Source "ChessBase"]
[SourceDate "2014.07.01"]
[SourceVersion "1"]
[SourceVersionDate "2014.07.01"]
[SourceQuality "1"]

1. e4 c6 2. d4 d5 3. Nc3 dxe4 4. Nxe4 Bf5 5. Ng3 Bg6 6. Nf3 Nd7 7. h4 h6 8. h5 Bh7 9. Bd3 Bxd3 10. Qxd3 e6 11. Bd2 Ngf6 12. 0-0-0 Be7 13. Kb1 Qb6 14. Ne4 Nxe4 15. Qxe4 Nf6 16. Qe2 Qb5 17. c4 Qf5+ 18. Ka1 Rd8 19. Be3 Ng4 20. Bc1 0-0 21. Nh4 Qxh5 22. f3 Nf6 23. g4 Qa5 24. g5 hxg5 25. Bd2 Bb4 26. Bxb4 Qxb4 27. Nf5 exf5 28. Qh2 Nh5 29. Qxh5 f6 30. Qg6 Rd7 31. a3 Qa5 32. Rde1 Qc7 33. Rh7 Rxd4 34. Qh5 Rh4 35. Rh8# 1-0

[Event "RUS-ch Higher League (Women) 64th"]
[Site "Vladivostok"]
[Date "2014.06.07"]
[Round "4"]
[White "Kovalevskaya, Ekaterina"]
[Black "Tomnikova, Lidia"]
[Result "1-0"]
[WhiteElo "2427"]
[BlackElo "2172"]
[PlyCount "108"]
[EventDate "2014.06.04"]
[EventType "swiss"]
[EventRounds "9"]
[EventCountry "RUS"]
[SourceTitle "CBM 160 Extra"]
[Source "ChessBase"]
[SourceDate "2014.07.01"]
[SourceVersion "1"]
[SourceVersionDate "2014.07.01"]
[SourceQuality "1"]

1. Nf3 d5 2. c4 Nf6 3. cxd5 Nxd5 4. g3 Nc6 5. Bg2 e5 6. 0-0 Be7 7. d4 exd4 8. Nxd4 Nxd4 9. Qxd4 Nf6 10. Qa4+ c6 11. Rd1 Qb6 12. Be3 Bc5 13. Bxc5 Qxc5 14. Nc3 0-0 15. Rd4 Be6 16. Rad1 Qb6 17. Qb4 Qxb4 18. Rxb4 Rab8 19. b3 Rfc8 20. Rbd4 Kf8 21. e4 Ke7 22. f4 g6 23. e5 Ne8 24. Ne4 c5 25. R4d2 h5 26. Ng5 Bg4 27. Bf3 Bf5 28. h3 f6 29. exf6+ Nxf6 30. Re1+ Kf8 31. Rd6 Ne8 32. Rd5 Nf6 33. Rde5 Re8 34. Rxe8+ Rxe8 35. Rxe8+ Kxe8 36. Bxb7 a5 37. Kf2 Ke7 38. Ke3 Bb1 39. a3 Ba2 40. Ne4 Nxe4 41. Bxe4 Kf6 42. Bc2 g5 43. fxg5+ Kxg5 44. h4+ Kg4 45. Kf2 a4 46. bxa4 c4 47. Bd1+ Kh3 48. Bxh5 c3 49. Bg6 Bb3 50. a5 c2 51. Bxc2 Bxc2 52. a6 Kg4 53. a7 Be4 54. Ke3 Ba8 1-0

[Event "RUS-ch Higher League (Women) 64th"]
[Site "Vladivostok"]
[Date "2014.06.06"]
[Round "3"]
[White "Tomnikova, Lidia"]
[Black "Maltsevskaya, Aleksandra"]
[Result "1-0"]
[WhiteElo "2172"]
[BlackElo "2014"]
[PlyCount "71"]
[EventDate "2014.06.04"]
[EventType "swiss"]
[EventRounds "9"]
[EventCountry "RUS"]
[SourceTitle "CBM 160 Extra"]
[Source "ChessBase"]
[SourceDate "2014.07.01"]
[SourceVersion "1"]
[SourceVersionDate "2014.07.01"]
[SourceQuality "1"]

1. e4 c5 2. Nf3 e6 3. d4 cxd4 4. Nxd4 a6 5. Nc3 Nc6 6. g3 Nf6 7. Bg2 Be7 8. 0-0 0-0 9. Nxc6 bxc6 10. e5 Nd5 11. Ne4 a5 12. c4 Nb6 13. b3 a4 14. Be3 Qc7 15. Qd4 Ra6 16. Nf6+ gxf6 17. exf6 Bxf6 18. Qxf6 Qd8 19. Qd4 f5 20. Rad1 d5 21. Rfe1 Qf6 22. cxd5 Nxd5 23. Qxf6 Rxf6 24. Bd4 Rf8 25. Bxd5 cxd5 26. Rc1 Bb7 27. Rc7 Rf7 28. Rec1 axb3 29. axb3 Ba8 30. Rxf7 Kxf7 31. Rc7+ Kg6 32. Rg7+ Kh6 33. Rg8 Bb7 34. h4 f4 35. g4 Ra8 36. Rg5 1-0

[Event "RUS-ch U20 Girls"]
[Site "Loo"]
[Date "2014.04.24"]
[Round "9"]
[White "Voit, Daria"]
[Black "Tomnikova, Lidia"]
[Result "1-0"]
[WhiteElo "2295"]
[BlackElo "2184"]
[PlyCount "65"]
[EventDate "2014.04.16"]
[EventType "tourn"]
[EventRounds "9"]
[EventCountry "RUS"]
[SourceTitle "CBM 160 Extra"]
[Source "ChessBase"]
[SourceDate "2014.07.01"]
[SourceVersion "1"]
[SourceVersionDate "2014.07.01"]
[SourceQuality "1"]

1. d4 Nf6 2. c4 e6 3. g3 d5 4. Nf3 Be7 5. Bg2 0-0 6. 0-0 dxc4 7. Qc2 a6 8. a4 Bd7 9. Rd1 Bc6 10. Nc3 a5 11. e4 Na6 12. Ne5 Nb4 13. Qe2 Nd3 14. Nxc4 Nxc1 15. Raxc1 Qe8 16. b3 Bb4 17. Ne5 Bd7 18. Na2 Bd6 19. Nxd7 Qxd7 20. e5 Ba3 21. exf6 Bxc1 22. fxg7 Rfd8 23. Nxc1 c5 24. d5 Re8 25. Qc4 exd5 26. Bxd5 Rad8 27. Ne2 Kxg7 28. Nf4 Qf5 29. Qxc5 Re4 30. Qxa5 Rd6 31. Qc3+ f6 32. Qc7+ Rd7 33. Bxe4 1-0

[Event "RUS-ch U20 Girls"]
[Site "Loo"]
[Date "2014.04.22"]
[Round "7"]
[White "Tomnikova, Lidia"]
[Black "Baraeva, Irina"]
[Result "0-1"]
[WhiteElo "2184"]
[BlackElo "2135"]
[PlyCount "44"]
[EventDate "2014.04.16"]
[EventType "tourn"]
[EventRounds "9"]
[EventCountry "RUS"]
[SourceTitle "CBM 160 Extra"]
[Source "ChessBase"]
[SourceDate "2014.07.01"]
[SourceVersion "1"]
[SourceVersionDate "2014.07.01"]
[SourceQuality "1"]

1. e4 d5 2. exd5 Qxd5 3. d4 Nc6 4. Nf3 Bg4 5. Be2 0-0-0 6. c4 Qd7 7. d5 Bxf3 8. Bxf3 Ne5 9. Be2 e6 10. 0-0 Nf6 11. dxe6 Qxe6 12. Qa4 Bc5 13. Nc3 Neg4 14. Bf4 Nxf2 15. Rxf2 Bxf2+ 16. Kxf2 Qf5 17. Qxa7 Qxf4+ 18. Ke1 c6 19. Qa8+ Kc7 20. Qa5+ Kb8 21. Na4 Ne4 22. Qb6 c5 0-1

[Event "Moscow op-G"]
[Site "Moscow"]
[Date "2014.02.07"]
[Round "7"]
[White "Tomnikova, Lidia"]
[Black "Wang, Jue"]
[Result "0-1"]
[WhiteElo "2195"]
[BlackElo "2386"]
[PlyCount "136"]
[EventDate "2014.02.01"]
[EventType "tourn"]
[EventRounds "9"]
[EventCountry "RUS"]
[EventCategory "2"]
[SourceTitle "CBM 158 Extra"]
[Source "ChessBase"]
[SourceDate "2014.02.28"]
[SourceVersion "1"]
[SourceVersionDate "2014.02.28"]
[SourceQuality "1"]

1. e4 c5 2. Nf3 e6 3. d4 cxd4 4. Nxd4 a6 5. Nc3 b5 6. Bd3 Qb6 7. Nf3 Qc7 8. e5 Bb7 9. Ne4 f5 10. exf6 Nxf6 11. Nfg5 Bxe4 12. Nxe4 Nxe4 13. Bxe4 d5 14. Qh5+ Qf7 15. Qxf7+ Kxf7 16. Bf3 Bd6 17. 0-0 Nd7 18. Be3 Ne5 19. Be2 Rhc8 20. f4 Nc4 21. Bd4 Bc5 22. Bxc5 Rxc5 23. Bxc4 Rxc4 24. Rae1 Kf6 25. c3 a5 26. g4 g6 27. Re3 b4 28. g5+ Kf7 29. Rh3 Kg7 30. Re3 Ra6 31. Rfe1 bxc3 32. bxc3 Rcc6 33. Kf2 Rab6 34. R1e2 a4 35. a3 h5 36. gxh6+ Kxh6 37. Ke1 Kg7 38. Rg3 Rb1+ 39. Kd2 Rb2+ 40. Kd1 Rcb6 41. Rxb2 Rxb2 42. c4 dxc4 43. Rc3 Rb3 44. Rxc4 Rxa3 45. Kc1 Ra2 46. h3 Kf6 47. Re4 a3 48. Re3 Kf5 49. Re5+ Kxf4 50. Rxe6 Rg2 51. Kb1 Rg3 52. h4 Rg4 53. Ra6 Kg3 54. Rxa3+ Kxh4 55. Kc2 g5 56. Ra1 Rg2+ 57. Kd3 Kg3 58. Ke3 g4 59. Ra8 Rb2 60. Rg8 Kh3 61. Rh8+ Kg2 62. Rg8 g3 63. Rg7 Kh2 64. Rh7+ Kg1 65. Kf3 g2 66. Rc7 Rb3+ 67. Ke2 Kh2 68. Rh7+ Rh3 0-1

[Event "Moscow op-G"]
[Site "Moscow"]
[Date "2014.02.05"]
[Round "5"]
[White "Tomnikova, Lidia"]
[Black "Malakhova, Elizaveta"]
[Result "0-1"]
[WhiteElo "2195"]
[BlackElo "2308"]
[PlyCount "51"]
[EventDate "2014.02.01"]
[EventType "tourn"]
[EventRounds "9"]
[EventCountry "RUS"]
[EventCategory "2"]
[SourceTitle "CBM 158 Extra"]
[Source "ChessBase"]
[SourceDate "2014.02.28"]
[SourceVersion "1"]
[SourceVersionDate "2014.02.28"]
[SourceQuality "1"]

1. e4 d6 2. d4 Nf6 3. Nc3 e5 4. Nf3 Nbd7 5. Bc4 Be7 6. 0-0 0-0 7. h3 c6 8. a4 b6 9. Re1 a6 10. d5 c5 11. b3 Ne8 12. Qe2 Nc7 13. Nh2 Bg5 14. Bb2 g6 15. Nf3 Bh6 16. g4 Bf4 17. Bd3 Nf6 18. Qf1 h5 19. g5 Nh7 20. h4 f6 21. gxf6 Qxf6 22. Qg2 Bg4 23. Nh2 Qxh4 24. Nxg4 hxg4 25. Be2 g3 26. Nd1 0-1